15 Seconds: Each letter of the Alphabet - Statistics

General Stats
  • This quiz has been taken 39 times
  • The average score is 23 of 26
Answer Stats
Answer % Correct
A
100%
B
95%
C
95%
D
95%
E
95%
F
95%
G
95%
H
95%
I
90%
J
90%
K
90%
L
90%
M
90%
N
90%
O
90%
P
90%
Q
90%
R
90%
S
86%
T
86%
U
86%
V
86%
W
81%
X
81%
Y
76%
Z
76%
No matching quizzes found
Score Distribution
Percent of People with Each Score
Percentile by Number Answered
Your Score History
You have not taken this quiz